000
00277nam a22000977a 4500
100
_a
Mathew, T.V.
245
_a
Rubber Board @ 75. 8. Rubberkrishimekhalayum puthiya sameepanangalum
260
_b
Rubber, 693(February): 2024. 14-18.
700
_a
Rubber Board history
942
_c
JS
999
_c
75249
_d
75249